| 000 | 00419pab a2200145 454500 | ||
|---|---|---|---|
| 008 | 180718b1984 xxu||||| |||| 00| 0 eng d | ||
| 100 | _aSokoken, Darwin C. | ||
| 245 |
_aCommunity participation and its role in rural development _bThe Bontoc Case |
||
| 260 | _c1984 | ||
| 300 | _a135-67 | ||
| 362 | _aJan.-Apr. | ||
| 650 | _aRural Development | ||
| 773 | _aPhilippine Journal of Public Administration | ||
| 909 | _a17404 | ||
| 999 |
_c17404 _d17404 |
||